Pracharya,Pradhyapak and Shikshaketar Karmachari: Sevasharti handbook (Record no. 359072)

MARC details
000 -LEADER
fixed length control field 00386nam a2200133Ia 4500
008 - FIXED-LENGTH DATA ELEMENTS--GENERAL INFORMATION
fixed length control field 240715s9999 xx 000 0 und d
041 ## - LANGUAGE CODE
Language code of text/sound track or separate title eng
082 ## - DEWEY DECIMAL CLASSIFICATION NUMBER
Classification number 376 MAN 22403
100 ## - MAIN ENTRY--PERSONAL NAME
Personal name Mankar S
245 ## - TITLE STATEMENT
Title Pracharya,Pradhyapak and Shikshaketar Karmachari: Sevasharti handbook
260 ## - PUBLICATION, DISTRIBUTION, ETC. (IMPRINT)
Name of publisher, distributor, etc. Ms. Atul Publication
Place of publication, distribution, etc. Kolhapur
Date of publication, distribution, etc. 2022
300 ## - PHYSICAL DESCRIPTION
Extent 203
500 ## - GENERAL NOTE
Keywords Education, Staffing rules
Holdings
Withdrawn status Lost status Damaged status Not for loan Home library Current library Date acquired Cost, normal purchase price Bill number Total Checkouts Full call number Barcode Date last seen Date last checked out Cost, replacement price Bill Date Koha item type Original Barcode
        Smt. Hiraben Nanavati Institute of Management & Research for Women Smt. Hiraben Nanavati Institute of Management & Research for Women 27/03/2023 300.00 722 2 376 MAN 22403 HIMR-BK-22403 08/01/2026 06/08/2024 285.00 27/03/2023 Books B22403